Zákon o medzinárodnej pomoci a spolupráci pri správe daní

Dňa 1. septembra 2002 nadobudol účinnosť zákon č. 472/2002 Z.z. o medzinárodnej pomoci a spolupráci pri správe daní a o zmene a doplnení zákona č. 366/1999 Z.z. o daniach z príjmov v znení neskorších predpisov. Alternatívy medzinárodnej pomoci a spolupráce.

Enregistré dans:
Détails bibliographiques
Auteur principal: Benčík, Patrik
Format: Chapitre de livre
Langue:slovaque
Sujets:
Tags: Ajouter un tag
Pas de tags, Soyez le premier à ajouter un tag!

MARC

LEADER 00000naa a2200000 4500
001 r049263
005 20230919121252.9
041 0 |a slo 
044 |a SK 
245 1 0 |a Zákon o medzinárodnej pomoci a spolupráci pri správe daní  |c Patrik Benčík 
520 |a Dňa 1. septembra 2002 nadobudol účinnosť zákon č. 472/2002 Z.z. o medzinárodnej pomoci a spolupráci pri správe daní a o zmene a doplnení zákona č. 366/1999 Z.z. o daniach z príjmov v znení neskorších predpisov. Alternatívy medzinárodnej pomoci a spolupráce. 
610 2 0 |a spolupráca medzinárodná 
610 2 0 |a správa daňová 
610 2 0 |a zmluvy medzinárodné 
610 2 0 |a úrady daňové 
610 2 0 |a výmena informácií 
610 2 0 |a úpravy právne 
610 2 0 |a Slovensko 
610 2 0 |a Európska únia 
610 2 0 |a dane z príjmov 
100 1 |a Benčík, Patrik